Niko Kovac' Croatia - Statistics

General Stats
  • This quiz has been taken 7 times
  • The average score is 30 of 45
Answer Stats
Rank Player Position Nationality Matches Goals Assists % Correct
2 Darijo Srna Right-Back 16 1 4
100%
15 Dejan Lovren Centre-Back 8 0 0
100%
4 Ivan Perišić Right Winger 16 8 4
100%
3 Ivan Rakitic Central Midfield 16 0 6
100%
39 Lovre Kalinic Goalkeeper 1 0 0
100%
5 Luka Modrić Central Midfield 16 2 2
100%
10 Marcelo Brozović Defensive Midfield 12 2 0
100%
1 Mario Mandžukić Centre-Forward 17 7 2
100%
21 Marko Pjaca Left Winger 4 0 0
100%
6 Mateo Kovacic Central Midfield 16 1 4
100%
28 Nikola Kalinić Centre-Forward 3 0 0
100%
16 Stipe Pletikosa Goalkeeper 7 0 0
100%
8 Vedran Corluka Centre-Back 15 0 0
100%
18 Andrej Kramaric Attacking Midfield 6 3 1
86%
14 Ante Rebić Left Winger 9 0 0
86%
9 Danijel Pranjic Left-Back 12 1 2
86%
12 Domagoj Vida Centre-Back 10 0 0
86%
36 Ivan Strinic Left-Back 1 0 0
86%
7 Ivica Olic Centre-Forward 16 4 2
86%
13 Sime Vrsaljko Right-Back 9 0 1
86%
11 Danijel Subasic Goalkeeper 11 0 0
71%
20 Eduardo Centre-Forward 5 0 1
71%
19 Milan Badelj Defensive Midfield 5 0 0
71%
17 Nikica Jelavic Centre-Forward 7 1 2
71%
32 Duje Cop Centre-Forward 2 0 0
57%
23 Gordon Schildenfeld Centre-Back 4 1 0
57%
30 Josip Simunic Centre-Back 2 0 0
57%
41 Marko Rog Central Midfield 1 0 0
57%
33 Ognjen Vukojevic Defensive Midfield 2 0 0
57%
24 Sammir Attacking Midfield 3 0 0
57%
22 Alen Halilovic Attacking Midfield 4 0 0
43%
26 Hrvoje Milic Left-Back 3 0 0
43%
45 Ivan Vargic Goalkeeper 1 0 0
43%
35 Mario Pasalic Central Midfield 2 0 1
43%
27 Tin Jedvaj Centre-Back 3 0 1
43%
29 Anas Sharbini Left Winger 2 2 0
29%
37 Domagoj Antolic Central Midfield 1 0 0
29%
42 Ivan Tomecak Right-Back 1 0 0
29%
40 Ivo Ilicevic Left Winger 1 0 0
29%
44 Leon Benko Centre-Forward 1 0 0
29%
25 Marin Leovac Left-Back 3 0 0
29%
31 Marko Leskovic Centre-Back 2 0 0
29%
43 Matej Mitrovic Centre-Back 1 0 0
29%
38 Mate Males Defensive Midfield 1 0 0
29%
34 Mato Jajalo Defensive Midfield 2 0 0
14%
No matching quizzes found
Score Distribution
Percent of People with Each Score
Percentile by Number Answered
Your Score History
You have not taken this quiz